Liverpool FC Squad Champions League 2024/2025 - Statistics

General Stats
  • This quiz has been taken 90 times
  • The average score is 19 of 24
Answer Stats
Picture Answer % Correct
Virgil van Dijk
99%
Alisson Becker
96%
Joe Gomez
95%
Wataru Endo
95%
Andy Robertson
93%
Ibrahima Konaté
93%
Trent Alexander-Arnold
93%
Caoimhin Kelleher
92%
Alexis Mac Allister
90%
Diogo Jota
90%
Dominik Szoboszlai
90%
Federico Chiesa
90%
Darwin Núñez
89%
Luis Díaz
89%
Mohamed Salah
89%
Cody Gakpo
88%
Ryan Gravenberch
88%
Curtis Jones
86%
Kostas Tsimikas
86%
Vitězslav Jaroš
58%
Tyler Morton
40%
Trey Nyoni
38%
Rio Ngumoha
30%
Amara Nallo
19%
No matching quizzes found
Score Distribution
Percent of People with Each Score
Percentile by Number Answered
Your Score History
You have not taken this quiz